[Event "Rouen op 9th"]
[Site "Rouen"]
[Date "2016.12.19"]
[Round "4"]
[White "Bordais, Benjamin"]
[Black "Garcia, Adrien"]
[Result "0-1"]
[WhiteElo "2119"]
[BlackElo "2011"]
[PlyCount "62"]
[EventDate "2016.12.17"]
[EventType "swiss"]
[EventRounds "7"]
[EventCountry "FRA"]
[SourceTitle "CBM 176 Extra"]
[Source "ChessBase"]
[SourceDate "2017.03.02"]
[SourceVersion "1"]
[SourceVersionDate "2017.03.02"]
[SourceQuality "1"]

1. e4 Nc6 2. Nf3 f5 3. e5 d6 4. d4 dxe5 5. dxe5 Qxd1+ 6. Kxd1 Nh6 7. Bxh6 gxh6 8. Bc4 Na5 9. Bd3 c5 10. Nh4 e6 11. f4 Bd7 12. c3 Bc6 13. Ke2 Rg8 14. Rf1 0-0-0 15. Nd2 Be7 16. Nhf3 Rxg2+ 17. Ke3 Bxf3 18. Nxf3 Rxb2 19. c4 Nc6 20. Rfb1 Rg2 21. Bf1 Rc2 22. Rc1 Nd4 23. h3 Rb2 24. Nxd4 cxd4+ 25. Kd3 Rf2 26. c5 Rxf4 27. Bg2 Rf2 28. Bh1 Bg5 29. Rd1 Be3 30. Rab1 Rd7 31. Rb3 Rc7 0-1

[Event "Rouen op 9th"]
[Site "Rouen"]
[Date "2016.12.17"]
[Round "1"]
[White "Garcia, Adrien"]
[Black "Bat, Bilguun"]
[Result "1-0"]
[WhiteElo "2011"]
[BlackElo "1563"]
[PlyCount "77"]
[EventDate "2016.12.17"]
[EventType "swiss"]
[EventRounds "7"]
[EventCountry "FRA"]
[SourceTitle "CBM 176 Extra"]
[Source "ChessBase"]
[SourceDate "2017.03.02"]
[SourceVersion "1"]
[SourceVersionDate "2017.03.02"]
[SourceQuality "1"]

1. Nc3 Nf6 2. e4 c5 3. e5 Ng8 4. g3 Nc6 5. Nf3 g6 6. Bg2 Bg7 7. Qe2 e6 8. Nb5 Nge7 9. Nd6+ Kf8 10. c3 a6 11. 0-0 Qc7 12. d4 cxd4 13. cxd4 Nf5 14. Nxf5 exf5 15. Bf4 Qb6 16. d5 Nd4 17. Nxd4 Qxd4 18. Rfd1 Qb6 19. Rac1 h6 20. Qc2 Kg8 21. Be3 Qd8 22. f4 d6 23. Bd4 dxe5 24. fxe5 Bd7 25. Qc7 Qc8 26. Qxc8+ Rxc8 27. Rxc8+ Bxc8 28. Rc1 Kh7 29. Rc7 Re8 30. Rxf7 Kg8 31. Rc7 b5 32. d6 Rd8 33. Bd5+ Kh8 34. Rxg7 Kxg7 35. e6+ Kh7 36. e7 Rxd6 37. Bg8+ Kxg8 38. e8Q+ Kh7 39. Qh8# 1-0